Every Host City of Eurovision 2004-2024 - Statistics

General Stats
  • This quiz has been taken 76 times
  • The average score is 17 of 20
Answer Stats
Hint Answer % Correct
2010 Oslo
97%
2016 Stockholm
97%
2023 Liverpool
91%
2005 Kyiv
90%
2017 Kyiv
90%
2009 Moscow
88%
2006 Athens
87%
2014 Copenhagen
87%
2018 Lisbon
87%
2013 Malmo
87%
2024 Malmo
87%
2015 Vienna
87%
2021 Rotterdam
85%
2019 Tel Aviv
84%
2007 Helsinki
82%
2012 Baku
81%
2004 Istanbul
81%
2022 Turin
79%
2008 Belgrade
72%
2011 Dusseldorf
58%
No matching quizzes found
Score Distribution
Percent of People with Each Score
Percentile by Number Answered
Your Score History
You have not taken this quiz